Creación de algunas alternativas para el mejoramiento de la educación matemática. Informe final.

Este texto, que está pensado básicamente para formación de docentes de matemáticas de nivel medio, es el resultado principal del proyecto de investigación "Creación de alternativas para el mejoramiento de la enseñanza del Algebra" que bajo el auspicio de Colciencias y de la Universidad Nac...

Cur síos iomlán

Sábháilte in:
Sonraí bibleagrafaíochta
Príomhchruthaitheoir: Acevedo, Myriam
Údar corparáideach: Universidad Nacional de Colombia
Formáid: LEABHAR
Teanga:Spanish
Foilsithe / Cruthaithe: Bogotá :
Ábhair:
Rochtain ar líne:Enlace del recurso
Clibeanna: Cuir clib leis
Níl clibeanna ann, Bí ar an gcéad duine le clib a chur leis an taifead seo!

MARC

LEADER 00000cam a2200000 a 4500
001 000239
003 OSt
005 20251028062142.0
007 ta
008 080130n ck fr o000 | spa
999 |c 2392  |d 2392 
040 |a CNA-IDEP  |b SPA  |e RCAA 
041 0 |a spa 
084 |a INV220 
100 1 |a Acevedo, Myriam  |9 18549 
245 1 |a Creación de algunas alternativas para el mejoramiento de la educación matemática. Informe final.   |c Por Myriam Acevedo. 
260 |a Bogotá : 
300 |a 361 páginas 
520 3 |a Este texto, que está pensado básicamente para formación de docentes de matemáticas de nivel medio, es el resultado principal del proyecto de investigación "Creación de alternativas para el mejoramiento de la enseñanza del Algebra" que bajo el auspicio de Colciencias y de la Universidad Nacional de Colombia desarrollamos entre 1993 y 1996. En él, hemos intentado plasmar nuestras concepciones acerca de lo que debería ser la formación de los docentes de la educación básica y media en esta área. En primer lugar, en estas páginas se explicitan significativamente nexos entre la "teoría formal" del álgebra moderna y las "nociones elementales" de la aritmética y el álgebra de la secundaria. Un cuidadoso examen histórico permite mostrar, por ejemplo, cómo los temas y métodos del álgebra escolar evolucionaron hasta transformarse en la llamada álgebra moderna. En segundo lugar, la estructura y planteamientos (que incluyen problemas de diversos niveles, puntos de discusión y puntos de investigación) en el texto están orientados a desarrollar y enriquecer el pensamiento matemático de los docentes en formación. 
650 1 7 |a Estrategias de aprendizaje  |2 BNE  |9 17509 
650 1 0 |a Matemáticas  |2 BNE  |9 2945 
650 1 7 |a Profesores-Formación profesional  |2 BNE  |9 18550 
650 1 4 |a Investigaciones  |9 4956 
710 1 |a Universidad Nacional de Colombia  |9 204 
942 |2 LOC  |c MO  |h INV220  |i Ej. 1  |6 INV_220_000000000000000_EJ__1 
856 |u https://catalogo.idep.edu.co/cgi-bin/koha/opac-detail.pl?biblionumber=2392  |z Enlace del recurso